01183nam a2200289Ia 4500001001200000003000800012006001900020007001500039008004100054010001700095020001800112020001800130040002100148035002100169050002600190245013500216260005000351300002300401504005100424533015200475650003100627650004200658655002900700700002100729710001700750856012600767ebr10622547CaPaEBRm u cr cn|||||||||120816s2012 utua sb 001 0 eng d z 2012032693 z9780874218893 z9780874218909 aCaPaEBRcCaPaEBR a(OCoLC)81873412714aGR44.E43bF653 2012eb00aFolk culture in the digital ageh[electronic resource] :bthe emergent dynamics of human interaction /cedited by Trevor J. Blank. aLogan :bUtah State University Press,cc2012. axi, 262 p. :bill. aIncludes bibliographical references and index. aElectronic reproduction.bPalo Alto, Calif. :cebrary,d2011.nAvailable via World Wide Web.nAccess may be limited to ebrary affiliated libraries. 0aFolklore and the Internet. 0aFolklorexComputer network resources. 7aElectronic books.2local1 aBlank, Trevor J.2 aebrary, Inc.40uhttp://site.ebrary.com/lib/rucke/Doc?id=10622547zAn electronic book accessible through the World Wide Web; click to view